Statistics for Flag Of P

Click here to take the quiz!

General Stats

  • This quiz has been taken 9 times
  • The average score is 8 of 9

Answer Stats

Answer% Correct
Pakistan
100%
Peru
100%
Poland
100%
Portugal
100%
Panama
89%
Paraguay
89%
Palau
78%
Papua New Guinea
78%
Philippines
56%

Score Distribution

Percentile by Number Answered

Percent of People with Each Score

Your Score History

You have not taken this quiz